000 00883cab a2200253 4500
001 ABS58008
008 090401t1997 xxu||||| |||| 00| 0 eng d
035 _a(Sirsi) u82745
041 _aeng
100 _aSteevens, J.
245 _aProving your case
260 _c1997
350 _a0
490 _aSolicitors` Journal
_vSupplement 141(47) 12 December 1997, 41-46(3)
520 _aHighlights some of the sources available to the expert witness in assembling statistical evidence for property litigation. Includes examples of how the writer has put these together for two past cases.
650 _aEVIDENCE
650 _aEXPERT WITNESS
_96239
650 _aLITIGATION
650 _aROLE
650 _aSTATISTICS
690 _aMANAGEMENT-DISPUTE AVOIDANCE, MANAGEMENT AND RESOLUTION-DISPUTE MANAGEMENT AND RESOLUTION-ARBITRATION
942 _n0
948 _c17/12/1997
999 _c52260
_d52260